|
|
|
|
| LEADER |
02297nam a2200589 i 4500 |
| 001 |
nkc20203174365 |
| 003 |
CZ PrNK |
| 005 |
20200619092837.0 |
| 007 |
ta |
| 008 |
200204s2020 xr a e p 000 0 cze |
| 015 |
|
|
|a cnb003174365
|
| 020 |
|
|
|a 978-80-248-4378-0
|q (kroužková vazba) :
|c neprodejné
|
| 035 |
|
|
|a (OCoLC)1200248081
|
| 040 |
|
|
|a OLA001
|b cze
|d BOA001
|e rda
|
| 072 |
|
7 |
|a 004
|x Počítačová věda. Výpočetní technika. Informační technologie
|2 Konspekt
|9 23
|
| 072 |
|
7 |
|a 37.016
|x Učební osnovy. Vyučovací předměty. Učebnice
|2 Konspekt
|9 22
|
| 080 |
|
|
|a 004:91
|2 MRF
|
| 080 |
|
|
|a 004.6-023.5
|2 MRF
|
| 080 |
|
|
|a 165.412
|2 MRF
|
| 080 |
|
|
|a 001.013-021.465
|2 MRF
|
| 080 |
|
|
|a 519.254
|2 MRF
|
| 080 |
|
|
|a (075.8)
|2 MRF
|
| 100 |
1 |
|
|a Horák, Jiří,
|d 1962-
|7 mzk2004246497
|4 aut
|
| 245 |
1 |
0 |
|a Neurčitost v geoinformatice /
|c Jiří Horák
|
| 250 |
|
|
|a 2. vydání
|
| 264 |
|
1 |
|a Ostrava :
|b VŠB - Technická univerzita Ostrava,
|c 2020
|
| 300 |
|
|
|a viii, 218 stran :
|b ilustrace (převážně barevné) ;
|c 30 cm
|
| 336 |
|
|
|a text
|b txt
|2 rdacontent
|
| 337 |
|
|
|a bez média
|b n
|2 rdamedia
|
| 338 |
|
|
|a svazek
|b nc
|2 rdacarrier
|
| 500 |
|
|
|a Nad názvem: Vysoká škola báňská - Technická univerzita Ostrava, Hornicko-geologická fakulta
|
| 500 |
|
|
|a 20 výtisků
|
| 504 |
|
|
|a Obsahuje bibliografii a bibliografické odkazy
|
| 650 |
0 |
7 |
|a geoinformatika
|7 ph340655
|2 czenas
|
| 650 |
0 |
7 |
|a prostorová data
|7 ph358650
|2 czenas
|
| 650 |
0 |
7 |
|a nejistota
|7 ph202918
|2 czenas
|
| 650 |
0 |
7 |
|a kvalita dat
|7 ph846438
|2 czenas
|
| 650 |
0 |
7 |
|a zpracování dat
|7 ph127675
|2 czenas
|
| 650 |
0 |
9 |
|a geoinformatics
|2 eczenas
|
| 650 |
0 |
9 |
|a spatial data
|2 eczenas
|
| 650 |
0 |
9 |
|a uncertainty
|2 eczenas
|
| 650 |
0 |
9 |
|a data quality
|2 eczenas
|
| 650 |
0 |
9 |
|a data processing
|2 eczenas
|
| 655 |
|
7 |
|a učebnice vysokých škol
|7 fd133772
|2 czenas
|
| 655 |
|
9 |
|a textbooks (higher)
|2 eczenas
|
| 710 |
2 |
|
|a Vysoká škola báňská - Technická univerzita Ostrava.
|b Hornicko-geologická fakulta
|7 kn20010709391
|4 isb
|
| 910 |
2 |
|
|a BOA001
|b 4-1446.961
|
| 928 |
9 |
|
|a Vysoká škola báňská - Technická univerzita Ostrava
|
| 990 |
|
|
|a BK
|
| 995 |
|
|
|a 01
|
| 991 |
|
|
|b 202006
|c NOV
|
| 996 |
6 |
|
|b 2610825259
|c 4-1446.961
|l MZK
|r Sklad / do 1 hodiny
|n 0
|p p.v.
|w 001802998
|u 000010
|a 1
|e BOA001
|j MZK50
|s P
|